Phineas and Ferb classic comics collection. 2 / ... Read More
Available copies
- 0 of 1 copy available at LARL/NWRL Consortium.
Current holds
1 current hold with 1 total copy.
Show Only Available Copies
| Location | Call Number / Copy Notes | Barcode | Shelving Location | Status | Due Date |
|---|---|---|---|---|---|
| Greenbush Public Library | j G PET (Text) | 35500006833097 | Main | In transit | - |
Record details
- ISBN: 1545812527
- ISBN: 9781545812525
- ISBN: 1545813299
- ISBN: 9781545813294
- Physical Description: 96 pages : chiefly illustrations (color) ; 24 cm.
- Publisher: [New York] : Papercutz, an imprint of Mad Cave Stusios, LLC, 2024.
Content descriptions
| Summary, etc.: | School is out for summer, and stepbrothers Phineas ... Read More |
Search for related items by subject
Search for related items by series
| LDR | 02991cam a2200493 i 4500 | ||
|---|---|---|---|
| 001 | 450185 | ||
| 003 | LARL_NWRL_CONSORTIUM | ||
| 005 | 20241114105535.0 | ||
| 008 | 240628s2024 nyua j 6 000 1 eng d | ||
| 040 | . | ‡aYDX ‡beng ‡cYDX ‡dKCK | |
| 019 | . | ‡a1442731712 | |
| 020 | . | ‡a1545812527 | |
| 020 | . | ‡a9781545812525 | |
| 020 | . | ‡a1545813299 | |
| 020 | . | ‡a9781545813294 | |
| 035 | . | ‡a(OCoLC)1442732198 ‡z(OCoLC)1442731712 | |
| 245 | 0 | 0. | ‡aPhineas and Ferb classic comics collection. ‡p2 / ‡cwriters, Scott Peterson, Jim Bernstein, Martin Olson ; artists, Fabricio Grellet, Magic Eye Studios, Bill Alger, Min Sung Ku, Scott Neely, Eric Jones, Mike DeCarlo ; colorists, Garry Black [and others] ; letterer, Michael Stewart. |
| 264 | 1. | ‡a[New York] : ‡bPapercutz, an imprint of Mad Cave Stusios, LLC, ‡c2024. | |
| 300 | . | ‡a96 pages : ‡bchiefly illustrations (color) ; ‡c24 cm. | |
| 336 | . | ‡atext ‡btxt ‡2rdacontent | |
| 336 | . | ‡astill image ‡bsti ‡2rdacontent | |
| 337 | . | ‡aunmediated ‡bn ‡2rdamedia | |
| 338 | . | ‡avolume ‡bnc ‡2rdacarrier | |
| 490 | 0 | . | ‡aPhineas and Ferb classic comics collection ; ‡v2 |
| 520 | . | ‡aSchool is out for summer, and stepbrothers Phineas and Ferb have decided to make each day an adventure! Their inventions end up causing trouble for their sister, Candace, who can never get their mother to see the evidence of their creations. Meanwhile, the family's pet platypus leads a double life as secret Agent P and faces off with the evil Dr. Doofenshmirtz, who is trying to take over the Tri-State Area. | |
| 600 | 0 | 0. | ‡aPhineas ‡c(Fictitious character) ‡vComic books, strips, etc. |
| 600 | 0 | 0. | ‡aFerb ‡c(Fictitious character) ‡vComic books, strips, etc. |
| 650 | 0. | ‡aBrothers ‡vComic books, strips, etc. | |
| 650 | 0. | ‡aInventors ‡vComic books, strips, etc. | |
| 650 | 0. | ‡aPlatypus ‡vComic books, strips, etc. | |
| 700 | 1 | . | ‡aPeterson, Scott, ‡d1968- ‡eauthor. ‡0(LARL_NWRL_CONSORTIUM)198460 |
| 700 | 1 | . | ‡aBernstein, Jim, ‡eauthor. |
| 700 | 1 | . | ‡aOlson, Martin, ‡eauthor. |
| 700 | 1 | . | ‡aGrellet, Fabricio de Oliveira, ‡eartist. |
| 700 | 1 | . | ‡aAlger, Bill, ‡eartist. |
| 700 | 1 | . | ‡aKu, Min S., ‡eartist. ‡0(LARL_NWRL_CONSORTIUM)219849 |
| 700 | 1 | . | ‡aNeely, Scott, ‡eartist. ‡0(LARL_NWRL_CONSORTIUM)192055 |
| 700 | 1 | . | ‡aJones, Eric ‡c(Comic book artist), ‡eartist. |
| 700 | 1 | . | ‡aDe Carlo, Mike, ‡eartist. ‡0(LARL_NWRL_CONSORTIUM)103281 |
| 710 | 2 | . | ‡aMagic Eye Studios, ‡eartist. |
| 901 | . | ‡a450185 ‡bAUTOGEN ‡c450185 ‡tbiblio | |

Add to basket
Permalink
Disable Highlighting